Children Education And Geography (Record no. 47546)
[ view plain ]
| 000 -LEADER | |
|---|---|
| fixed length control field | 00435nam a2200157 4500 |
| 005 - DATE AND TIME OF LATEST TRANSACTION | |
| control field | 20260507112829.0 |
| 008 - FIXED-LENGTH DATA ELEMENTS--GENERAL INFORMATION | |
| fixed length control field | 260507b |||||||| |||| 00| 0 eng d |
| 020 ## - INTERNATIONAL STANDARD BOOK NUMBER | |
| ISBN | 9781032147468 |
| 082 ## - DEWEY DECIMAL CLASSIFICATION NUMBER | |
| Classification number | 372.89 |
| Author Mark | HAM-C |
| 100 ## - MAIN ENTRY--AUTHOR | |
| Author Name | Hammond Lauren,Biddulph Mary |
| 245 ## - TITLE STATEMENT | |
| Title | Children Education And Geography |
| Sub-Title | Rethinking Intersections |
| 260 ## - PUBLICATION, DISTRIBUTION, ETC. | |
| Place of Publication | New York |
| Name of publisher, distributor, etc. | Routledge Publishers |
| 300 ## - PHYSICAL DESCRIPTION | |
| Pages | 258p |
| 650 ## - SUBJECT ADDED ENTRY--TOPICAL TERM | |
| Subject / Department | Education |
| 942 ## - ADDED ENTRY ELEMENTS (KOHA) | |
| Koha item type | Book |
| Withdrawn status | Lost status | Damaged status | Not for loan | Collection code | Permanent Location | Current Location | Shelving Location | Date acquired | Source of acquisition | Inventory number | Total Checkouts | Full Call Number | Accession No./Barcode | Date last seen | Koha item type |
|---|---|---|---|---|---|---|---|---|---|---|---|---|---|---|---|
| Education | Air University H-11 Campus Islamabad | Air University H-11 Campus Islamabad | Education | 05/07/2026 | Ali Book Services | AUH11-01 | 372.89 HAM-C | AUHEP0152 | 05/07/2026 | Book |







